IT strategy for business

Saved in:
Bibliographic Details
Other Authors: Peppard, Joe (Editor)
Format: Book
Language:English
Published: London : Pitman, c1993
Subjects:
Tags: Add Tag
No Tags, Be the first to tag this record!

MARC

LEADER 00000nam a2200000 i 4500
001 1/24666
008 960718s1993 eng d
020 |a 0-273-60024-9 
035 |l 10022338 
040 |a GR-MY-UA  |b gre  |e aacr 
041 0 |a eng 
082 0 |a 658.4038 
245 1 0 |a IT strategy for business /  |c edited by: Joe Peppard 
260 |a London :   |b Pitman,   |c c1993 
300 |a 306 p. 
500 |a Includes index 
650 0 0 |a Information technology. 
700 1 |a Peppard, Joe.  |4 edt 
852 |a INST  |b CHIOS  |e 19960718  |h 658.4038 STR  |p 005200001784  |q 005200001784  |t BK  |y 0 
909 |a Χ  |b 040215